|
|
|
|
| LEADER |
00000nam0a2200000 4500 |
| 001 |
140909 |
| 005 |
20231101220900.0 |
| 010 |
|
|
|a 9785969202917
|
| 035 |
|
|
|a (RuTPU)RU\TPU\book\152681
|
| 090 |
|
|
|a 140909
|
| 100 |
|
|
|a 20080714d2008 m y0rusy50 ca
|
| 101 |
0 |
|
|a rus
|
| 102 |
|
|
|a RU
|
| 105 |
|
|
|a a j 000zy
|
| 200 |
1 |
|
|a Происхождение государства и права
|e учебное пособие
|f Т. В. Кашанина
|
| 210 |
|
|
|a Москва
|c Высшее образование
|d 2008
|
| 215 |
|
|
|a 358 с.
|c ил.
|
| 225 |
1 |
|
|a Высшее образование. Основы наук
|
| 330 |
|
|
|a Это оригинальное исследование одной из сложных проблем общественного развития — происхождения государства и права. При написании учебника автор, доктор юридических наук, профессор Московской государственной юридической академии, опиралась на современные достижения ученых в области антропологии, истории, политологии, философии и юриспруденции. В книге изложены как распространенные теории и концепции, так и собственные взгляды автора на проблемы происхождения государства и права. Содержание учебника соответствует государственному образовательному стандарту. Для студентов, аспирантов, преподавателей юридических, политологических, исторических и философских факультетов высших учебных заведений.
|
| 606 |
1 |
|
|a Государство и право
|x История
|2 stltpush
|3 (RuTPU)RU\TPU\subj\68127
|9 83645
|
| 610 |
1 |
|
|a право
|
| 610 |
1 |
|
|a государство
|
| 610 |
1 |
|
|a история
|
| 610 |
1 |
|
|a происхождение
|
| 610 |
1 |
|
|a российская цивилизация
|
| 610 |
1 |
|
|a Древняя Русь
|
| 610 |
1 |
|
|a Российское государство
|
| 610 |
1 |
|
|a правовые нормы
|
| 610 |
1 |
|
|a первобытное общество
|
| 610 |
1 |
|
|a архаичное право
|
| 610 |
1 |
|
|a сословное право
|
| 610 |
1 |
|
|a общегосударственное право
|
| 610 |
1 |
|
|a правовые теории
|
| 610 |
1 |
|
|a учебные пособия
|
| 686 |
|
|
|a Х2(2)я73
|v LBC/SL-A
|2 rubbk
|
| 700 |
|
1 |
|a Кашанина
|b Т. В.
|g Татьяна Васильевна
|
| 801 |
|
1 |
|a RU
|b 63413507
|c 20080714
|g PSBO
|
| 801 |
|
2 |
|a RU
|b 63413507
|c 20150818
|g PSBO
|
| 942 |
|
|
|c BK
|
| 959 |
|
|
|a 72/20080714
|d 2
|e 219,00
|f АНЛ:1
|f ЧЗГЛ:1
|